000 00782nam a22002413a 4500
005 20240924071212.0
008 010517s1994 mx r 000 0 spa d
020 _a9507012753
035 _aUPN01000106372
049 _aCG
050 4 _aLB1525.24
_bV4.6
100 1 _aVenegas, María Clemencia
245 1 0 _aPromoción de la lectura en la biblioteca y en el aula /
_cMaría Clemencia Venegas, Margarita Muñoz, Luis Darío Bernal.
260 _aBuenos Aires :
_bAique,
_c1994.
300 _a362 p.
440 0 _aDidáctica
650 4 _aLectura
_xEstudio y enseñanza (Elemental)
_92805
650 2 _aBibliotecas escolares
_92963
650 4 _aLiteratura infantil
_94445
700 1 _aMuñoz, Margarita,
_ecoaut.
700 1 _aBernal, Luis Darío,
_ecoaut.
905 _aLibro
999 _c80285
_d80285